Statistics for Premier league club category fit

Click here to take the quiz!

General Stats

  • This quiz has been taken 27 times
  • The average score is 38 of 48

Answer Stats

QuestionTileSelect% Correct
Won premier leagueArsenalYes
100%
Won premier leagueLiverpoolYes
100%
Won premier leagueManchester cityYes
100%
Won premier leagueManchester unitedYes
100%
Won premier leagueSutton unitedNo
100%
Won premier leagueBurnleyNo
96%
Won premier leagueFulhamNo
96%
Ever-present in the premier leagueIpswich townNo
96%
Ever-present in the premier leagueLiverpoolYes
96%
Ever-present in the premier leagueMan unitedYes
96%
Won premier leagueWest hamNo
96%
Won premier leagueWolvesNo
96%
Ever-present in the premier leagueArsenalYes
91%
Won premier leagueBrightonNo
91%
Won premier leagueChelseaYes
91%
Ever-present in the premier leagueChelseaYes
91%
Ever-present in the premier leagueEvertonYes
91%
In it when it beganMan unitedYes
91%
Ever-present in the premier leagueTottenhamYes
91%
Won premier leagueLeeds unitedNo
87%
Won premier leagueLeicester cityYes
87%
In it when it beganLiverpoolYes
87%
Won premier leagueTottenham HotspursNo
87%
In it when it beganArsenalYes
83%
In it when it beganChelseaYes
83%
Ever-present in the premier leagueNorwichNo
78%
Won premier leagueBlackburn roversYes
74%
In it when it beganBrightonNo
74%
In it when it beganEvertonYes
74%
Ever-present in the premier leagueLeicesterNo
74%
Ever-present in the premier leagueSouthamptonNo
74%
In it when it beganWolvesNo
74%
Ever-present in the premier leagueWolvesNo
74%
In it when it beganAston villaYes
70%
Ever-present in the premier leagueAston villaNo
70%
In it when it beganBlackburn roversYes
70%
Ever-present in the premier leagueBrightonNo
70%
In it when it beganLeeds unitedYes
70%
Ever-present in the premier leagueLeeds unitedNo
70%
Ever-present in the premier leagueWest hamNo
70%
In it when it beganCoventry cityYes
65%
Ever-present in the premier leagueMan CityNo
65%
In it when it beganNottingham forestYes
61%
In it when it beganQPRYes
52%
In it when it beganMan CityYes
43%
In it when it beganSheffield unitedYes
43%
In it when it beganCrystal PalaceYes
30%
Won premier leagueEvertonYes
9%

Score Distribution

Percentile by Number Answered

Percent of People with Each Score

Your Score History

You have not taken this quiz